Welcome to the Holygrace Academy Library

Please use search bar below to get started

HINDI-HINDI-ENGLISH-MALAYALAM DICTIONARY WITH ADMINISRATIVE TERMS, PHRASES AND EXPRESSIONS (Record no. 8549)

MARC details
000 -LEADER
fixed length control field 00617nam a22001577a 4500
020 ## - INTERNATIONAL STANDARD BOOK NUMBER
ISBN 81-87430-43-5
082 ## - DEWEY DECIMAL CLASSIFICATION NUMBER
Classification number 030
Item number RAD/H
100 ## - MAIN ENTRY--AUTHOR NAME
Personal name RADHIKA, S
245 ## - TITLE STATEMENT
Title HINDI-HINDI-ENGLISH-MALAYALAM DICTIONARY WITH ADMINISRATIVE TERMS, PHRASES AND EXPRESSIONS
246 ## - VARYING FORM OF TITLE
Title proper/short title HINDI-HINDI-ENGLISH-MALAYALAM DICTIONARY WITH ADMINISRATIVE TERMS, PHRASES AND EXPRESSIONS
Remainder of title HINDI-HINDI-ENGLISH-MALAYALAM DICTIONARY WITH ADMINISRATIVE TERMS, PHRASES AND EXPRESSIONS
260 ## - PUBLICATION, DISTRIBUTION, ETC. (IMPRINT)
Place of publication THIRUVALLA, INDIA
Name of publisher MERIDIAN
Year of publication 2011
300 ## - PHYSICAL DESCRIPTION
Number of Pages 1184
520 ## - SUMMARY, ETC.
Summary, etc DICTIONARY
650 ## - SUBJECT ADDED ENTRY--TOPICAL TERM
Topical Term HINDI-HINDI-ENGLISH-MALAYALAM DICTIONARY
942 ## - ADDED ENTRY ELEMENTS (KOHA)
Koha item type Books
Holdings
Withdrawn status Lost status Collection code Home library Current library Shelving location Date acquired Source of acquisition Cost, normal purchase price Full call number Accession Number Koha item type
    Reference Main Library Main Library SHELF 1-A DICTIONARIES 23/09/2014 PURCHASED 450.00 030 RAD/H 07376 Books